The early religion of Israel : (Record no. 3916)

MARC details
000 -LEADER
fixed length control field 00634nam a22001817a 4500
003 - CONTROL NUMBER IDENTIFIER
control field GBCCL
005 - DATE AND TIME OF LATEST TRANSACTION
control field 20241126110507.0
008 - FIXED-LENGTH DATA ELEMENTS--GENERAL INFORMATION
fixed length control field 171218b xxu||||| |||| 00| 0 eng d
040 ## - CATALOGING SOURCE
Transcribing agency gbc
082 ## - DEWEY DECIMAL CLASSIFICATION NUMBER
Classification number 296
Item number ROB
100 1# - MAIN ENTRY--PERSONAL NAME
Personal name Robertson, James
Dates associated with a name 1840-1920.
9 (RLIN) 6848
245 14 - TITLE STATEMENT
Title The early religion of Israel :
Remainder of title As set forth by Biblical writers and by modern critical historians /
Statement of responsibility, etc. James Robertson.
260 ## - PUBLICATION, DISTRIBUTION, ETC.
Place of publication, distribution, etc. Philadelphia:
Name of publisher, distributor, etc. The Westminster Press,
Date of publication, distribution, etc. 1903
300 ## - PHYSICAL DESCRIPTION
Extent 293 p.;
Dimensions 20 cm.
500 ## - GENERAL NOTE
General note Delvered in substance, as the Baird lecture in the spring of 1889.
650 #0 - SUBJECT ADDED ENTRY--TOPICAL TERM
Topical term or geographic name entry element Judaism
General subdivision History
Chronological subdivision To 70 A.D.
9 (RLIN) 6849
942 ## - ADDED ENTRY ELEMENTS (KOHA)
Source of classification or shelving scheme Dewey Decimal Classification
Koha item type Books
Holdings
Withdrawn status Lost status Source of classification or shelving scheme Damaged status Not for loan Home library Current Library Shelving location Date acquired Total checkouts Full call number Barcode Date last seen Copy number Price effective from Koha item type
    Dewey Decimal Classification     GRACE BIBLE COLLEGE GRACE BIBLE COLLEGE Philosophy and Religion 2017-12-18   296 ROB 005183 2025-05-01 v.2 2017-12-18 Books
    Dewey Decimal Classification     GRACE BIBLE COLLEGE GRACE BIBLE COLLEGE Philosophy and Religion 2018-01-24   296 ROB 005182 2025-05-01 v.1 2018-01-24 Books
© Grace Bible College Library 2025